000 00610nam a22001817a 4500
999 _c16196
_d16196
003 AR-CdUCM
008 190502b ||||| |||| 00| 0 spa d
040 _aMUNICIPALIDAD PROVINCIAL DEL CUSCO
_cBIBLIOTECA MUNICIPAL DEL CUSCO
082 _a869.26 /
_bB85
100 _aBrughetti, Romualdo
_935490
245 _aPrometeo :
_bel espíritu que no cesa /
260 _aBuenos Aires :
_bLa Mandràgora,
_c1956.
300 _a159 páginas ;
_c18.5 cm.
505 _aContenido: El mito de Prometeo -- Prometeo y su mito ...
650 _aLiteratura Argentina
_984
942 _2ddc
_cLIBROS
945 _aacv
_d2019-05-02